000 00665nam a2200265Ia 4500
005 20250425162452.0
008 250425s9999 xx 000 0 und d
020 _a109702613000
041 _aspa
082 _a658.404
100 _aFONTAINE, ERNESTO R.
245 0 _aEVALUACION SOCIAL DE PROYECTOS
250 _a13A ED.
260 _aMEXICO
260 _aMéxico
_bPEARSON EDUCACION
_c2008
300 _a622
650 _aEVALUACION DE PROYECTOS
650 _aEVALUACION SOCIAL
650 _aINVERSIONES
650 _aINVERSIONES IMPORTABLES
650 _aINVERSIONES NACIONALES
650 _aVALOR AGREGADO
942 _c01
010 _a76302
999 _c229854
_d229854